Conservation of tin in bearing metals, bronzes, and solders.

Bibliographic Details
Other Authors: Burgess, G. K. (George Kimball), 1874-1932, Woodward, Raymond W.
Format: Government Document eBook
Language:English
Published: [Washington?] : U.S. Government Printing Office, 1919.
Series:Technologic Papers No. 109
Subjects:
Online Access:Connect to the full text of this electronic document

MARC

Tag First Indicator Second Indicator Subfields
LEADER 00000cam a22000001a 4500
001 in00003689621
005 20190408174646.0
006 m o d f
007 cr bn mmmapmmp
008 040322s1919 dcu o f000 0 eng d
035 |a ebd1910201731 
040 |a UMI  |c UMI  |d UtOrBLW 
086 0 |a C 13.8:109 
099 |a C13.8-109 
245 0 0 |a Conservation of tin in bearing metals, bronzes, and solders. 
264 1 |a [Washington?] :  |b U.S. Government Printing Office,  |c 1919. 
300 |a 1 online resource (9 pages) 
336 |a text  |b txt  |2 rdacontent 
337 |a computer  |b c  |2 rdamedia 
338 |a online resource  |b cr  |2 rdacarrier 
490 0 |a Technologic Papers No. 109 
500 |a [With data on composition and properties of metals] 
500 |a Record is based on bibliographic data in ProQuest U.S. Executive Branch Documents, 1910-1932. Reuse except for individual research requires license from ProQuest, LLC. 
533 |a Electronic reproduction.  |b [Bethesda, Md.] :  |c ProQuest,  |d 2012.  |e digital, PDF file.  |n ProQuest U.S. Executive Branch Documents, 1910-1932.  |n Mode of access: World Wide Web via ProQuest website. 
538 |a System requirements: PDF reader software. 
500 |a Electronic resource. 
650 0 |a Metals.  |0 http://id.loc.gov/authorities/subjects/sh85084167 
655 7 |a Electronic books.  |2 local 
700 1 |a Burgess, G. K.  |q (George Kimball),  |d 1874-1932.  |0 http://id.loc.gov/authorities/names/n2009016645 
700 1 |a Woodward, Raymond W. 
776 1 8 |i Microfiche version:  |t Conservation of tin in bearing metals, bronzes, and solders  |o CIS US Exec MF C13.8-109  |w (ProQuest)cis19121437 
856 4 0 |u http://proxy.library.tamu.edu/login?url=http://congressional.proquest.com/congressional/docview/t66.d71.c13.8-109  |z Connect to the full text of this electronic document  |t 0 
999 f f |s 04bf9954-e085-3f93-a102-7a4f10467e27  |i b6d14a86-d02d-382a-97eb-619b25913209  |t 0 
952 f f |a Texas A&M University  |b College Station  |c Electronic Resources  |d Available Online  |t 0  |h No information provided 
998 f f |t 0  |l Available Online